Finite Difference Time Domain (FDTD) method for the study of Electromagnetic wave propagation and its Implementation on Parallel Computers (Record no. 540518)

000 -LEADER
fixed length control field 00707nam a22001817a 4500
020 ## - INTERNATIONAL STANDARD BOOK NUMBER
Qualifying information Hard Cover.
082 ## - DEWEY DECIMAL CLASSIFICATION NUMBER
Classification number 004
100 ## - MAIN ENTRY--PERSONAL NAME
Personal name Muhammad Amin, Aftab Hussain
245 ## - TITLE STATEMENT
Title Finite Difference Time Domain (FDTD) method for the study of Electromagnetic wave propagation and its Implementation on Parallel Computers
Statement of responsibility, etc. Muhammad Amin, Aftab Hussain
260 ## - PUBLICATION, DISTRIBUTION, ETC.
Place of publication, distribution, etc. Islamabad :
Name of publisher, distributor, etc. SEECS - NUST,
Date of publication, distribution, etc. 2007
300 ## - PHYSICAL DESCRIPTION
Extent xvi, 156 p. : ill. ;
Dimensions 30cm.
563 ## - BINDING INFORMATION
Binding note a
650 ## - SUBJECT ADDED ENTRY--TOPICAL TERM
Topical term or geographic name entry element Communication System Engineering-Project Report
700 ## - ADDED ENTRY--PERSONAL NAME
Personal name Dr. Jamil Raza
856 ## - Uniform Resource Identifier
Uniform Resource Identifier <a href="http://10.250.8.41:8080/xmlui/handle/123456789/8475">http://10.250.8.41:8080/xmlui/handle/123456789/8475</a>
942 ## - ADDED ENTRY ELEMENTS (KOHA)
Source of classification or shelving scheme
Koha item type Project Report
650 ## - SUBJECT ADDED ENTRY--TOPICAL TERM
-- 34568
700 ## - ADDED ENTRY--PERSONAL NAME
-- 34583
Holdings
Withdrawn status Lost status Source of classification or shelving scheme Damaged status Not for loan Permanent Location Current Location Shelving location Date acquired Full call number Barcode Date last seen Price effective from Koha item type
WITHDRAWN         Central Library (CL) Central Library (CL) Thesis 10/27/2020 004 CL-BP-537 10/27/2020 10/27/2020 Project Report
© 2023 Central Library, National University of Sciences and Technology. All Rights Reserved.